| 000 | 00744cam a2200229 a 4500 | ||
|---|---|---|---|
| 001 | 2071784 | ||
| 005 | 20180123092848.0 | ||
| 008 | 940915s1995 ilua b 001 0 eng | ||
| 010 | _a 94066869 | ||
| 020 | _a0875813909 (pbk.) | ||
| 040 |
_aDLC _cDLC _dDLC |
||
| 041 | _aeng | ||
| 080 | _a07.14 mac | ||
| 082 | 0 | 0 |
_a307.14 mac _220 |
| 100 | _a48 | ||
| 101 | _aedu | ||
| 245 | 0 | 0 |
_aStrategies of community intervention : _ceditors, Jack Rothman ... [et al.]. |
| 504 | _aIncludes bibliographical references and indexes. | ||
| 906 |
_a7 _bcbc _corignew _d2 _eopcn _f19 _gy-gencatlg |
||
| 942 |
_2ddc _cBK |
||
| 999 |
_c40804 _d40804 |
||